| 000 | | | 03967nmc2a22002651x 450 |
| 001 | | | 6cf49e79-043e-4b81-920f-097e62dbc866 |
| 005 | | | 20140114155154.0 |
| 100 | ## | $a | 20130529l19111911k y0rusy50 ca |
| 101 | 0# | $a | rus |
| 102 | ## | $a | RU |
| 105 | ## | $a | y z |||e| |
| 122 | 2# | $a | d19110909 |
| | $a | d19111130 |
| 200 | 1# | $a | Переписка Постоянного совета с предводителями дворянства по проекту устава Всероссийского дворянского общества страхования векселей от неплатежа "Обеспечение" |
| | $j | 9 сентября - 30 ноября 1911 |
| 215 | ## | $a | 59 листов |
| | $c | марки |
| 251 | ## | $c | Дело |
| 300 | ## | $a | Лист 41 - конверт, марка почтовая (часть оторвана) |
| 300 | ## | $a | Документы рукописные, машинописные и типографские |
| 330 | ## | $a | IX. Материалы Постоянного совета и экономической комиссии по вопросам о дворянском и крестьянском банках, о ссудах помещикам и другим экономическим вопросам /1906-1917/ |
| 461 | #0 | $1 | 001b6db1e6b-efcc-4108-961b-a8f75be6354f |
| | $1 | 2001 |
| | $a | Постоянный совет объединенных дворянских обществ |
| | $1 | 251 |
| | $c | Фонд |
| | $1 | 852 |
| | $j | 434 |
| 462 | #0 | $1 | 001376737bd-14a2-4097-a3d5-a02b2aa0e2d3 |
| | $1 | 2001 |
| | $a | Постоянный совет объединенных дворянских обществ. 1906-1917 гг. |
| | $1 | 251 |
| | $c | Опись |
| | $1 | 852 |
| | $j | 1 |
| 601 | 02 | $3 | RU\NLR\AUTH\8810165427 |
| | $a | Постоянный совет объединенных дворянских обществ |
| | $c | Петербург |
| 601 | 02 | $a | Всероссийское дворянское общество страхования векселей от неплатежа "Обеспечение" |
| 801 | #0 | $a | RU |
| | $b | GA_RF |
| 801 | #1 | $a | RU |
| | $b | НПО Опыт |
| | $c | 20130529 |
| | $2 | rusmarc |
| 801 | #2 | $a | RU |
| | $b | ПБ им. Б.Н. Ельцина |
| | $c | 20140114 |
| | $g | RCR |
| | $2 | rusmarc |
| 852 | ## | $a | ГА РФ |
| | $j | 263 |
| 937 | ## | $d | 42784659 |
| | $h | ПБ |
| 035 | ## | $a | RuPRLIB51004537 |